| 000 | 00625nam a22001937a 4500 | ||
|---|---|---|---|
| 003 | NALT | ||
| 005 | 20221108100046.0 | ||
| 008 | tha d | ||
| 020 | _a974987059X | ||
| 040 | _aNALT | ||
| 041 | _atha | ||
| 090 |
_aAK 300 _bว921 ล.1 |
||
| 245 | 0 | 0 |
_aWorld atlas 1 : _bgeographical resources of the world. |
| 260 |
_aกรุงเทพฯ : _bอักษรเจริญทัศน์, _cม.ป.ป. |
||
| 300 |
_a43 หน้า : _bภาพประกอบ, แผนที่ ; _c28 ซม. |
||
| 650 | 4 |
_aแผนที่ _950723 |
|
| 850 | _aNALT | ||
| 942 |
_cREF _2local |
||
| 999 |
_c48400 _d48400 |
||
| 998 |
_j109 _k นางสาวอารีรัตน์ วิชาช่าง |
||